| 000 | 00610nam a2200229Ia 4500 | ||
|---|---|---|---|
| 003 | OSt | ||
| 005 | 20220926022837.0 | ||
| 006 | a|||||r|||| 00| 0 | ||
| 007 | ta | ||
| 008 | 220923b |||||||| |||| 00| 0 eng d | ||
| 037 | _cGeneral Book | ||
| 040 |
_aRTL _cRTL _beng |
||
| 041 |
_2eng _aeng |
||
| 082 | _aB2892, M3 | ||
| 100 | _aVan Damme Eric | ||
| 245 | 0 | _aRefinements of the Nash Equilibrium Concept | |
| 260 |
_aNew York _bVision Books _c1983 |
||
| 300 |
_a160p _ccm. |
||
| 650 | _aMultinational | ||
| 942 |
_hB2892, M3 _cGB _2CC |
||
| 999 |
_c640407 _d640407 |
||